banner koha

Supermercados: é viável ser fornecedor deste supercliente? (Registro n. 328649)

MARC details
000 -LÍDER
fixed length control field 01024nab a2200301 4500
003 - CÓDIGO MARC DA AGÊNCIA CATALOGADORA
Campo de controle BR-BrBNA
005 - DATA E HORA DA ÚLTIMA ATUALIZAÇÃO
Campo de controle 20241114120635.0
008 - CAMPO DE TAMANHO FIXO
fixed length control field 241114b bl.||||| |||| 00| 0 por d
040 ## - FONTE DA CATALOGAÇÃO
Agência catalogadora BR-BrBNA
Idioma da catalogação por
072 ## - CATEGORIA AGRIS
Código AGRIS E70 ; Q04 ; E16
100 ## - ENTRADA PRINCIPAL - NOME PESSOAL
Nome pessoal Geraldini, Fernanda
100 ## - ENTRADA PRINCIPAL - NOME PESSOAL
Nome pessoal Silveira, Juliana
245 ## - TÍTULO PRINCIPAL
Título principal Supermercados: é viável ser fornecedor deste supercliente?
500 ## - NOTA GERAL
Nota geral 13 illus.; 1 table
942 ## - ADDED ENTRY ELEMENTS (KOHA)
Koha item type Analítica
520 ## - NOTA DE RESUMO
Nota de conteúdo SUPERMERCADO
520 ## - NOTA DE RESUMO
Nota de conteúdo REGULARIDADE NO FORNECIMENTO DE PRODUTO AGROPECUÁRIO
520 ## - NOTA DE RESUMO
Nota de conteúdo PRODUTO HORTIFRUTÍCOLA
520 ## - NOTA DE RESUMO
Nota de conteúdo FORNECEDOR
650 ## - ASSUNTO - THESAGRO
Cabeçalho tópico ou nome geográfico MERCADO VAREJISTA
650 ## - ASSUNTO - THESAGRO
Cabeçalho tópico ou nome geográfico PRODUTOR
650 ## - ASSUNTO - THESAGRO
Cabeçalho tópico ou nome geográfico QUALIDADE DO ALIMENTO
650 ## - ASSUNTO - THESAGRO
Cabeçalho tópico ou nome geográfico SEGURANÇA ALIMENTAR
650 ## - ASSUNTO - THESAGRO
Cabeçalho tópico ou nome geográfico OFERTA DE PRODUTO
650 ## - ASSUNTO - THESAGRO
Cabeçalho tópico ou nome geográfico PREÇO
773 0# - ENTRADA ANALÍTICA
Host Biblionumber 4115
Registro do item 345469
Imprenta Piracicaba-SP Centro de Estudos Avançados em Economia Aplicada-CEPEA/USP/ESALQ 2002
Outro identificador 2024-6021
Título Hortifruti Brasil (Brazil)
ISSN 1981-1837
Colação v. 9(94) p. 8-18; (Sep 2010)
Número de controle de registro BR2024003376

Nenhum exemplar disponível.

BINAGRI

Telefone: (61)3218-2567/2388/3357/2097 - binagri@agro.gov.br

Ministério da Agricultura e Pecuária , Esplanada dos Ministérios, Bloco D, Anexo B, Brasília/DF, CEP: 70.043-900